[Event "Mittelfrank Regionalliga Sud-West 2122"]
[Site "Mittelfranken"]
[Date "2021.11.14"]
[Round "2.7"]
[White "Bumes, Konrad"]
[Black "Silva Carmona, Abraham"]
[Result "1/2-1/2"]
[WhiteElo "1893"]
[BlackElo "1963"]
[PlyCount "133"]
[EventDate "2021.10.24"]
[EventType "team-tourn"]
[EventRounds "9"]
[EventCountry "GER"]
[SourceTitle "EXT 2024"]
[Source "ChessBase"]
[SourceDate "2023.10.10"]
[SourceVersion "1"]
[SourceVersionDate "2023.10.10"]
[SourceQuality "1"]
[WhiteTeam "Haar"]
[BlackTeam "Sendling"]
[WhiteTeamCountry "GER"]
[BlackTeamCountry "GER"]

1. d4 Nf6 2. Nf3 g6 3. e3 Bg7 4. Bd3 0-0 5. 0-0 d6 6. h3 Nbd7 7. Nbd2 e5 8. dxe5 dxe5 9. e4 Nh5 10. Re1 Nf4 11. Bf1 Nc5 12. b3 Re8 13. Bb2 f6 14. Kh2 g5 15. g3 Ng6 16. Qe2 Bf8 17. Rad1 Qe7 18. Nc4 g4 19. hxg4 Bxg4 20. Ne3 Bc8 21. Rd2 Qf7 22. Nf5 Ne6 23. Red1 Ng5 24. Qe3 Nxf3+ 25. Qxf3 Be6 26. Qe3 Kh8 27. Be2 Ne7 28. Qf3 Qg6 29. g4 Qg5 30. Qe3 Qxe3 31. Nxe3 Bh6 32. Rd3 Bf4+ 33. Kg2 Ng6 34. Nf5 Bg5 35. Bc1 Bxc1 36. Rxc1 Nf4+ 37. Kf3 Nxd3 38. cxd3 Bxf5 39. exf5 Re7 40. Ke3 Rd8 41. Bf3 c6 42. Be4 Kg7 43. Rh1 h6 44. Rc1 Red7 45. Rc2 Kf7 46. Rc1 Ke7 47. Rh1 Rh8 48. Bf3 Kd6 49. Rc1 Kc7 50. Rc4 Rhd8 51. Be4 Rd4 52. Rc1 R4d7 53. Rh1 Rh8 54. Bf3 Kb6 55. Rc1 Rd4 56. Be4 Ka5 57. a3 Rd6 58. Rc5+ Kb6 59. Rc1 Rd7 60. Bf3 Rhh7 61. Rc2 Rd4 62. Rc1 Rf4 63. Rg1 Rd4 64. Rc1 a5 65. Rh1 Kb5 66. Rc1 Rf4 67. Rg1 1/2-1/2